000 00509pab a2200193 454500
008 180718b2011 xxu||||| |||| 00| 0 eng d
100 _aBehera, Bhagirath
245 _aPayments for environmental services: Issues and implications for India
260 _c2011
300 _ap.64-68.
362 _a14 May
650 _aNatural resources
650 _aEnvironment
700 _aNayak, Narayan C.
700 _aMishra, Pulak
773 _aEconomic and Political Weekly
908 _aN
909 _a91436
999 _c91436
_d91436